000 00935nam a22002177a 4500
003 BD-DhJNU
005 20260215061933.0
008 260215b |||||||| |||| 00| 0 eng d
020 _a9789849932321
040 _aBD-DhJNU
_bBEN
_cBD-DhJNU
_dBD-DhJNU
082 _223
_a954
100 _aদাশগুপ্ত, প্রেমময়
242 _aIbn Battuta's visit to India /
_cPremamaya dasgupta
245 _aইবনে বতুতার দেখা ভারত /
_cপ্রেমময় দাশগুপ্ত
260 _aঢাকা :
_bঅরিত্র,
_c2025.
300 _a১২০ পৃ. :
_c২১ সেমি.।
504 _aগ্রন্থপঞ্জিগত নির্দেশিকা ও নিঘন্ট অন্তভূক্ত
650 _aমধ্যযুগীয় ভারতের ইতিহাস
650 _aMedieval Indian History
942 _2ddc
_cBK
_n0
999 _c2610
_d2610